សៀវភៅរឿងព្រេងស្ដីពីដំរីអាស៊ី : (Record no. 3596)

MARC details
000 -LEADER
fixed length control field 01258nam a22002537a 4500
001 - CONTROL NUMBER
control field 3596
003 - CONTROL NUMBER IDENTIFIER
control field FISKH
005 - DATE AND TIME OF LATEST TRANSACTION
control field 20250528145234.0
008 - FIXED-LENGTH DATA ELEMENTS--GENERAL INFORMATION
fixed length control field 240322b cb ||||| |||| 00| 0 eng d
040 ## - CATALOGING SOURCE
Original cataloging agency FISKH
Language of cataloging khr
Transcribing agency FISKH
Modifying agency FISKH
050 ## - LIBRARY OF CONGRESS CALL NUMBER
Classification number PZ7
082 ## - DEWEY DECIMAL CLASSIFICATION NUMBER
Classification number 599.67
100 ## - MAIN ENTRY--PERSONAL NAME
Personal name Pandya, Mamata
245 ## - TITLE STATEMENT
Title សៀវភៅរឿងព្រេងស្ដីពីដំរីអាស៊ី :
Remainder of title ប្រភេទរឿងព្រេង រឿងពិត សំណើច និងរឿងដទៃទៀតដែលទាក់ទងទៅនឹងដំរីអាស៊ី /
Statement of responsibility, etc. Mamata Pandya ; Meena Raghunathan
260 ## - PUBLICATION, DISTRIBUTION, ETC.
Place of publication, distribution, etc. Phnom Penh :
Name of publisher, distributor, etc. Center for Environment Education,
Date of publication, distribution, etc. 2001.
300 ## - PHYSICAL DESCRIPTION
Extent 181 pages :
Other physical details illustrations ;
Dimensions 21 cm
520 ## - SUMMARY, ETC.
Summary, etc. ជា​ប្រភេទរឿងព្រេង រឿងពិត សំណើច និងរឿងដទៃទៀតដែលទាក់ទងទៅនឹងដំរីអាស៊ី
520 ## - SUMMARY, ETC.
Summary, etc. A variety of legends, true stories, jokes and other stories related to Asian elephants
650 ## - SUBJECT ADDED ENTRY--TOPICAL TERM
Topical term or geographic name entry element ដំរី​នៅអាស៊ី Elephant in Asia
650 ## - SUBJECT ADDED ENTRY--TOPICAL TERM
Topical term or geographic name entry element Elephant in Asia
700 ## - ADDED ENTRY--PERSONAL NAME
Personal name Raghunathan, Meena
Relator term Author
942 ## - ADDED ENTRY ELEMENTS (KOHA)
Source of classification or shelving scheme Dewey Decimal Classification
Koha item type Khmer Books
Suppress in OPAC No
Holdings
Withdrawn status Lost status Source of classification or shelving scheme Damaged status Not for loan Collection Home library Current library Shelving location Date acquired Total Checkouts Full call number Barcode Date last seen Copy number Price effective from Koha item type Date last checked out Total Renewals
    Dewey Decimal Classification     Khmer Language Books / សៀវភៅភាសាខ្មែរ Footprints International School Library Network Toul Kork Campus Footprints International School Library Network Toul Kork Campus TK Old Khmer Books (Rear Hallway Shelf 3) 03/22/2024   PAN 599.67 PZ7 FISTK03502 03/22/2024 1 03/22/2024 Khmer Books    
    Dewey Decimal Classification     Khmer Language Books / សៀវភៅភាសាខ្មែរ Footprints International School Library Network Toul Kork Campus Footprints International School Library Network Toul Kork Campus TK Old Khmer Books (Rear Hallway Shelf 3) 04/25/2024 2 PAN 599.67 PZ7 FISTK03500 04/01/2026 3 04/25/2024 Khmer Books 03/02/2026  
    Dewey Decimal Classification     Khmer Language Books / សៀវភៅភាសាខ្មែរ Footprints International School Library Network Toul Tom Poung Campus Footprints International School Library Network Toul Kork Campus TTP Primary Khmer Bookshelves 05/22/2025 1 PAN 599.67 PZ7 FIS02050 12/01/2025 8 05/22/2025 Khmer Books 11/10/2025 1
    Dewey Decimal Classification     Khmer Language Books / សៀវភៅភាសាខ្មែរ Footprints International School Library Network Toul Tom Poung Campus Footprints International School Library Network Toul Tom Poung Campus TTP Primary Khmer Bookshelves 03/22/2024   PAN 599.67 PZ7 FISTK03501 03/22/2024 2 03/22/2024 Khmer Books    
    Dewey Decimal Classification     Khmer Language Books / សៀវភៅភាសាខ្មែរ Footprints International School Library Network Toul Tom Poung Campus Footprints International School Library Network Toul Tom Poung Campus TTP Secondary Khmer Bookshelves 05/22/2025   PAN 599.67 PZ7 FISSE02105 05/22/2025 4 05/22/2025 Khmer Books    
    Dewey Decimal Classification     Khmer Language Books / សៀវភៅភាសាខ្មែរ Footprints International School Library Network Toul Tom Poung Campus Footprints International School Library Network Toul Tom Poung Campus TTP Secondary Khmer Bookshelves 05/22/2025   PAN 599.67 PZ7 FISSE02143 05/22/2025 5 05/22/2025 Khmer Books    
    Dewey Decimal Classification     Khmer Language Books / សៀវភៅភាសាខ្មែរ Footprints International School Library Network Toul Tom Poung Campus Footprints International School Library Network Toul Tom Poung Campus TTP Secondary Khmer Bookshelves 05/22/2025   PAN 599.67 PZ7 FISBK03793 05/22/2025 6 05/22/2025 Khmer Books    
    Dewey Decimal Classification     Khmer Language Books / សៀវភៅភាសាខ្មែរ Footprints International School Library Network Toul Tom Poung Campus Footprints International School Library Network Toul Tom Poung Campus TTP Primary Khmer Bookshelves 05/22/2025   PAN 599.67 PZ7 FISSE02149 05/22/2025 7 05/22/2025 Khmer Books    
    Dewey Decimal Classification     Khmer Language Books / សៀវភៅភាសាខ្មែរ Footprints International School Library Network Toul Tom Poung Campus Footprints International School Library Network Toul Tom Poung Campus TTP Primary Khmer Bookshelves 05/22/2025 1 PAN 599.67 PZ7 FISBK03792 09/30/2025 9 05/22/2025 Khmer Books 07/15/2025